[Event "DEM U10 2021"]
[Site "Willingen GER"]
[Date "2021.08.29"]
[Round "11"]
[White "Glöckler, Christian"]
[Black "Sajka, Noah"]
[Result "0-1"]
[Termination "normal"]
[Board "2"]
[WhiteElo "1581"]
[BlackElo "1402"]
[WhiteClock "01:12:43"]
[BlackClock "00:12:12"]
[PlyCount "146"]
[WhiteFideId "34608966"]
[BlackFideId "34608192"]
[EventCountry "GER"]
[EventRounds "11"]
[EventType "swiss"]
[EventDate "2021.08.22"]

1. e4 {[%clk 01:15:59]} {[%emt 13:16:38]} c5 {[%clk 01:15:49]} {[%emt
00:00:11]} 2. Nf3 {[%clk 01:16:25]} {[%emt 00:00:05]} Nc6 {[%clk 01:16:06]}
{[%emt 00:00:12]} 3. d4 {[%clk 01:16:50]} {[%emt 00:00:05]} cxd4 {[%clk
01:16:23]} {[%emt 00:00:13]} 4. Nxd4 {[%clk 01:17:18]} {[%emt 00:00:02]} Nf6
{[%clk 01:16:34]} {[%emt 00:00:19]} 5. Nc3 {[%clk 01:17:44]} {[%emt 00:00:04]}
e5 {[%clk 01:16:43]} {[%emt 00:00:20]} 6. Ndb5 {[%clk 01:18:11]} {[%emt
00:00:04]} d6 {[%clk 01:16:36]} {[%emt 00:00:37]} 7. Bg5 {[%clk 01:18:36]}
{[%emt 00:00:05]} a6 {[%clk 01:16:29]} {[%emt 00:00:37]} 8. Na3 {[%clk
01:19:03]} {[%emt 00:00:03]} b5 {[%clk 01:16:25]} {[%emt 00:00:33]} 9. Bxf6
{[%clk 01:19:28]} {[%emt 00:00:05]} gxf6 {[%clk 01:16:05]} {[%emt 00:00:50]}
10. Nd5 {[%clk 01:19:53]} {[%emt 00:00:05]} f5 {[%clk 01:15:44]} {[%emt
00:00:51]} 11. Bxb5 {[%clk 01:20:19]} {[%emt 00:00:05]} axb5 {[%clk 01:12:47]}
{[%emt 00:03:27]} 12. Nxb5 {[%clk 01:20:43]} {[%emt 00:00:06]} Qa5+ {[%clk
01:12:56]} {[%emt 00:00:33]} 13. c3 {[%clk 01:21:09]} Be7 {[%clk 00:59:43]}
{[%emt 00:13:36]} 14. b4 {[%clk 01:21:19]} {[%emt 00:00:18]} Qa4 {[%clk
00:57:44]} {[%emt 00:02:31]} 15. Qxa4 {[%clk 01:20:46]} {[%emt 00:01:02]} Rxa4
{[%clk 00:57:54]} {[%emt 00:00:19]} 16. Nb6 {[%clk 01:21:09]} {[%emt 00:00:07]}
Nxb4 {[%clk 00:51:32]} {[%emt 00:06:54]} 17. Nxa4 {[%clk 01:21:23]} {[%emt
00:00:16]} Nc2+ {[%clk 00:51:47]} {[%emt 00:00:15]} 18. Kd2 {[%clk 01:21:50]}
{[%emt 00:00:02]} Nxa1 {[%clk 00:51:54]} {[%emt 00:00:23]} 19. Rxa1 {[%clk
01:22:17]} {[%emt 00:00:03]} O-O {[%clk 00:50:15]} {[%emt 00:02:08]} 20. Nb6
{[%clk 01:22:05]} {[%emt 00:00:43]} fxe4 {[%clk 00:48:34]} {[%emt 00:02:10]}
21. Nd5 {[%clk 01:21:32]} {[%emt 00:01:04]} Bg5+ {[%clk 00:43:12]} {[%emt
00:05:52]} 22. Kc2 {[%clk 01:21:36]} {[%emt 00:00:26]} Ba6 {[%clk 00:42:30]}
{[%emt 00:01:13]} 23. Nxd6 {[%clk 01:21:33]} {[%emt 00:00:33]} Bd3+ {[%clk
00:42:39]} {[%emt 00:00:20]} 24. Kb3 {[%clk 01:20:43]} {[%emt 00:01:20]} Rd8
{[%clk 00:42:11]} {[%emt 00:00:58]} 25. h4 {[%clk 01:19:23]} {[%emt 00:01:50]}
Rxd6 {[%clk 00:40:55]} {[%emt 00:01:46]} 26. hxg5 {[%clk 01:19:17]} {[%emt
00:00:35]} Rxd5 {[%clk 00:41:04]} {[%emt 00:00:21]} 27. c4 {[%clk 01:19:30]}
{[%emt 00:00:17]} Rc5 {[%clk 00:40:56]} {[%emt 00:00:38]} 28. Rc1 {[%clk
01:19:42]} {[%emt 00:00:18]} Kf8 {[%clk 00:40:31]} {[%emt 00:00:55]} 29. a4
{[%clk 01:18:56]} {[%emt 00:01:16]} Ke7 {[%clk 00:40:00]} {[%emt 00:01:00]} 30.
Kb4 {[%clk 01:17:35]} {[%emt 00:01:51]} Kd6 {[%clk 00:38:42]} {[%emt 00:01:48]}
31. a5 {[%clk 01:17:28]} {[%emt 00:00:37]} Rc8 {[%clk 00:38:23]} {[%emt
00:00:49]} 32. c5+ {[%clk 01:16:12]} {[%emt 00:01:47]} Kc6 {[%clk 00:37:11]}
{[%emt 00:01:41]} 33. Rh1 {[%clk 01:16:28]} {[%emt 00:00:13]} Kd5 {[%clk
00:34:15]} {[%emt 00:03:28]} 34. Rxh7 {[%clk 01:15:58]} {[%emt 00:01:00]} e3
{[%clk 00:33:45]} {[%emt 00:01:00]} 35. Rh3 {[%clk 01:16:20]} {[%emt 00:00:07]}
Rxc5 {[%clk 00:31:50]} {[%emt 00:02:26]} 36. Rxe3 {[%clk 01:16:16]} {[%emt
00:00:32]} Rc4+ {[%clk 00:30:40]} {[%emt 00:01:40]} 37. Kb3 {[%clk 01:15:14]}
{[%emt 00:01:33]} e4 {[%clk 00:30:43]} {[%emt 00:00:29]} 38. Rh3 {[%clk
01:14:47]} {[%emt 00:00:55]} Rc5 {[%clk 00:24:15]} {[%emt 00:06:58]} 39. Ka4
{[%clk 01:12:40]} {[%emt 00:02:37]} Rc2 {[%clk 00:23:04]} {[%emt 00:01:41]} 40.
Rh5 {[%clk 01:10:16]} {[%emt 00:02:54]} Ke6 {[%clk 00:22:31]} {[%emt 00:01:03]}
41. Rh6+ {[%clk 01:09:58]} {[%emt 00:00:48]} Ke7 {[%clk 00:22:27]} {[%emt
00:00:34]} 42. Rf6 {[%clk 01:09:52]} {[%emt 00:00:35]} Ra2+ {[%clk 00:16:26]}
{[%emt 00:06:33]} 43. Kb4 {[%clk 01:10:07]} {[%emt 00:00:14]} Rb2+ {[%clk
00:15:16]} {[%emt 00:01:40]} 44. Ka4 {[%clk 01:10:05]} {[%emt 00:00:32]} Rb1
{[%clk 00:11:20]} {[%emt 00:04:26]} 45. Ka3 {[%clk 01:09:54]} {[%emt 00:00:41]}
Rb5 {[%clk 00:11:04]} {[%emt 00:00:46]} 46. a6 {[%clk 01:09:02]} {[%emt
00:01:23]} Rxg5 {[%clk 00:10:57]} {[%emt 00:00:38]} 47. a7 {[%clk 01:07:05]}
{[%emt 00:02:25]} Ra5+ {[%clk 00:10:42]} {[%emt 00:00:44]} 48. Kb4 {[%clk
01:07:27]} {[%emt 00:00:10]} Rxa7 {[%clk 00:11:05]} {[%emt 00:00:07]} 49. Rf4
{[%clk 01:07:27]} {[%emt 00:00:29]} Ke6 {[%clk 00:11:04]} {[%emt 00:00:31]} 50.
Kc3 {[%clk 01:07:18]} {[%emt 00:00:40]} Ke5 {[%clk 00:09:44]} {[%emt 00:01:51]}
51. g3 {[%clk 01:07:14]} {[%emt 00:00:34]} Be2 {[%clk 00:09:43]} {[%emt
00:00:30]} 52. Kd2 {[%clk 01:07:10]} {[%emt 00:00:35]} Bf3 {[%clk 00:09:34]}
{[%emt 00:00:38]} 53. Kc3 {[%clk 01:07:17]} {[%emt 00:00:22]} f5 {[%clk
00:09:27]} {[%emt 00:00:37]} 54. Kc4 {[%clk 01:07:09]} {[%emt 00:00:38]} Ra2
{[%clk 00:09:14]} {[%emt 00:00:44]} 55. Kc3 {[%clk 01:07:08]} {[%emt 00:00:32]}
Rxf2 {[%clk 00:09:12]} {[%emt 00:00:30]} 56. Rh4 {[%clk 01:07:33]} {[%emt
00:00:06]} Bg4 {[%clk 00:09:18]} {[%emt 00:00:23]} 57. Rh8 {[%clk 01:07:44]}
{[%emt 00:00:18]} Rf3+ {[%clk 00:09:38]} {[%emt 00:00:12]} 58. Kd2 {[%clk
01:08:05]} {[%emt 00:00:08]} Rxg3 {[%clk 00:09:58]} {[%emt 00:00:11]} 59. Ke1
{[%clk 01:08:23]} {[%emt 00:00:11]} Rd3 {[%clk 00:09:47]} {[%emt 00:00:42]} 60.
Kf2 {[%clk 01:08:36]} {[%emt 00:00:17]} Kf4 {[%clk 00:08:36]} {[%emt 00:01:41]}
61. Ra8 {[%clk 01:08:03]} {[%emt 00:01:01]} e3+ {[%clk 00:08:53]} {[%emt
00:00:14]} 62. Kf1 {[%clk 01:08:24]} {[%emt 00:00:08]} e2+ {[%clk 00:09:04]}
{[%emt 00:00:22]} 63. Kf2 {[%clk 01:08:28]} {[%emt 00:00:26]} Rf3+ {[%clk
00:09:02]} {[%emt 00:00:30]} 64. Kxe2 {[%clk 01:08:47]} {[%emt 00:00:12]} Ra3+
{[%clk 00:09:26]} {[%emt 00:00:06]} 65. Kd2 {[%clk 01:09:13]} {[%emt 00:00:05]}
Rxa8 {[%clk 00:09:49]} {[%emt 00:00:07]} 66. Kc3 {[%clk 01:09:41]} {[%emt
00:00:03]} Ke3 {[%clk 00:10:13]} {[%emt 00:00:05]} 67. Kc4 {[%clk 01:10:05]}
{[%emt 00:00:06]} f4 {[%clk 00:10:38]} {[%emt 00:00:05]} 68. Kc3 {[%clk
01:10:27]} {[%emt 00:00:09]} f3 {[%clk 00:11:03]} {[%emt 00:00:04]} 69. Kc2
{[%clk 01:10:54]} {[%emt 00:00:02]} f2 {[%clk 00:11:24]} {[%emt 00:00:09]} 70.
Kc3 {[%clk 01:11:23]} {[%emt 00:00:02]} f1=Q {[%clk 00:11:39]} {[%emt
00:00:13]} 71. Kc2 {[%clk 01:11:51]} {[%emt 00:00:04]} Qc4+ {[%clk 00:11:54]}
{[%emt 00:00:15]} 72. Kb2 {[%clk 01:12:17]} {[%emt 00:00:04]} Ra2+ {[%clk
00:12:12]} {[%emt 00:00:12]} 73. Kb1 {[%clk 01:12:43]} {[%emt 00:00:04]} Qc2#
{[%emt 00:00:28]} 0-1

[Event "DEM U10 2021"]
[Site "Willingen GER"]
[Date "2021.08.29"]
[Round "11"]
[White "Merenda, Lukas-Benedikt"]
[Black "Herrmann, Arthur"]
[Result "0-1"]
[Termination "normal"]
[Board "3"]
[WhiteElo "1222"]
[BlackElo "1191"]
[WhiteClock "00:13:03"]
[BlackClock "00:27:29"]
[PlyCount "120"]
[WhiteFideId "34603336"]
[BlackFideId "16287150"]
[EventCountry "GER"]
[EventRounds "11"]
[EventType "swiss"]
[EventDate "2021.08.22"]

1. e4 {[%clk 01:15:59]} c5 {[%clk 01:15:55]} {[%emt 00:00:05]} 2. Nc3 {[%clk
01:16:25]} {[%emt 00:00:04]} e6 {[%clk 01:16:21]} {[%emt 00:00:04]} 3. Nge2
{[%clk 01:16:42]} {[%emt 00:00:13]} Nc6 {[%clk 01:16:23]} {[%emt 00:00:28]} 4.
g3 {[%clk 01:13:08]} {[%emt 00:04:05]} a6 {[%clk 01:13:27]} {[%emt 00:03:27]}
5. Bg2 {[%clk 01:12:14]} {[%emt 00:01:22]} g6 {[%clk 01:13:03]} {[%emt
00:00:54]} 6. d4 {[%clk 01:12:37]} {[%emt 00:00:07]} cxd4 {[%clk 01:12:51]}
{[%emt 00:00:43]} 7. Nxd4 {[%clk 01:12:59]} {[%emt 00:00:07]} Bg7 {[%clk
01:12:50]} {[%emt 00:00:31]} 8. Be3 {[%clk 01:07:51]} {[%emt 00:05:37]} Nge7
{[%clk 01:11:49]} {[%emt 00:01:33]} 9. O-O {[%clk 00:59:31]} {[%emt 00:08:50]}
O-O {[%clk 01:11:02]} {[%emt 00:01:18]} 10. Nde2 {[%clk 00:55:28]} {[%emt
00:04:30]} f5 {[%clk 01:06:12]} {[%emt 00:05:20]} 11. f3 {[%clk 00:50:27]}
{[%emt 00:05:31]} d6 {[%clk 01:00:55]} {[%emt 00:05:47]} 12. Qd2 {[%clk
00:48:45]} {[%emt 00:02:13]} Qc7 {[%clk 01:00:12]} {[%emt 00:01:12]} 13. Rad1
{[%clk 00:43:40]} {[%emt 00:05:36]} Rd8 {[%clk 00:59:43]} {[%emt 00:00:58]} 14.
Na4 {[%clk 00:43:09]} {[%emt 00:01:02]} Qb8 {[%clk 00:52:54]} {[%emt 00:07:18]}
15. Nb6 {[%clk 00:42:04]} {[%emt 00:01:34]} d5 {[%clk 00:51:46]} {[%emt
00:01:40]} 16. Qc1 {[%clk 00:33:38]} {[%emt 00:08:56]} d4 {[%clk 00:49:58]}
{[%emt 00:02:18]} 17. Nxa8 {[%clk 00:32:46]} {[%emt 00:01:22]} Qxa8 {[%clk
00:47:49]} {[%emt 00:02:39]} 18. Bf2 {[%clk 00:32:10]} {[%emt 00:01:06]} b5
{[%clk 00:46:18]} {[%emt 00:02:00]} 19. f4 {[%clk 00:31:26]} {[%emt 00:01:13]}
Bb7 {[%clk 00:42:48]} {[%emt 00:04:01]} 20. e5 {[%clk 00:27:16]} {[%emt
00:04:41]} d3 {[%clk 00:41:29]} {[%emt 00:01:48]} 21. cxd3 {[%clk 00:24:38]}
{[%emt 00:03:08]} Nd4 {[%clk 00:40:37]} {[%emt 00:01:23]} 22. Bxd4 {[%clk
00:24:17]} {[%emt 00:00:51]} Bxg2 {[%clk 00:40:33]} {[%emt 00:00:32]} 23. Rf2
{[%clk 00:24:40]} {[%emt 00:00:08]} Bh3 {[%clk 00:38:46]} {[%emt 00:02:16]} 24.
Qc5 {[%clk 00:23:33]} {[%emt 00:01:37]} Bf8 {[%clk 00:36:38]} {[%emt 00:02:37]}
25. Qa7 {[%clk 00:20:32]} {[%emt 00:03:30]} Qd5 {[%clk 00:36:00]} {[%emt
00:01:09]} 26. Qxa6 {[%clk 00:20:09]} {[%emt 00:00:55]} Nc6 {[%clk 00:35:20]}
{[%emt 00:01:08]} 27. Nc3 {[%clk 00:12:02]} {[%emt 00:08:39]} Qxd4 {[%clk
00:34:33]} {[%emt 00:01:18]} 28. Qxc6 {[%clk 00:12:06]} {[%emt 00:00:26]} Bc5
{[%clk 00:32:15]} {[%emt 00:02:43]} 29. Qxe6+ {[%clk 00:12:06]} {[%emt
00:00:33]} Kf8 {[%clk 00:31:00]} {[%emt 00:01:45]} 30. Qf6+ {[%clk 00:12:18]}
{[%emt 00:00:19]} Ke8 {[%clk 00:29:38]} {[%emt 00:01:53]} 31. Qe6+ {[%clk
00:11:31]} {[%emt 00:01:18]} Kf8 {[%clk 00:29:47]} {[%emt 00:00:19]} 32. Qf6+
{[%clk 00:11:50]} {[%emt 00:00:13]} Ke8 {[%clk 00:30:00]} {[%emt 00:00:15]} 33.
Qh8+ {[%clk 00:10:03]} {[%emt 00:02:16]} Kd7 {[%clk 00:29:36]} {[%emt
00:00:54]} 34. Qxh7+ {[%clk 00:10:26]} {[%emt 00:00:08]} Kc8 {[%clk 00:29:57]}
{[%emt 00:00:09]} 35. Rdd2 {[%clk 00:09:14]} {[%emt 00:01:41]} Qe3 {[%clk
00:26:27]} {[%emt 00:16:47]} 36. Qxh3 {[%clk 00:04:16]} Qxd2 {[%clk 00:26:32]}
37. Qg2 {[%clk 00:04:35]} Qe1+ {[%clk 00:26:01]} 38. Qf1 {[%clk 00:04:54]}
Bxf2+ {[%clk 00:26:07]} 39. Kg2 {[%clk 00:05:19]} Qxf1+ 40. Kxf1 {[%clk
00:05:43]} Bc5 {[%clk 00:25:59]} 41. Nxb5 Rxd3 {[%clk 00:26:04]} 42. Ke2 {[%clk
00:06:30]} Re3+ {[%clk 00:25:50]} 43. Kd2 {[%clk 00:06:55]} Rf3 {[%clk
00:25:36]} 44. Kc1 {[%clk 00:06:48]} Rf2 {[%clk 00:25:49]} 45. h3 {[%clk
00:07:14]} Kd7 {[%clk 00:25:48]} 46. a3 {[%clk 00:07:34]} {[%emt 00:00:02]} Kc6
{[%clk 00:25:45]} {[%emt 00:00:32]} 47. Nc3 {[%clk 00:07:56]} {[%emt 00:00:09]}
Be3+ {[%clk 00:25:52]} {[%emt 00:00:22]} 48. Kd1 {[%clk 00:08:21]} {[%emt
00:00:04]} Rxb2 {[%clk 00:25:44]} {[%emt 00:00:38]} 49. g4 {[%clk 00:08:47]}
{[%emt 00:00:05]} Bxf4 {[%clk 00:25:23]} {[%emt 00:00:51]} 50. gxf5 {[%clk
00:09:09]} {[%emt 00:00:08]} gxf5 {[%clk 00:25:40]} {[%emt 00:00:13]} 51. e6
{[%clk 00:09:34]} {[%emt 00:00:05]} Kd6 {[%clk 00:25:47]} {[%emt 00:00:21]} 52.
e7 {[%clk 00:10:00]} {[%emt 00:00:05]} Rd2+ {[%clk 00:25:53]} {[%emt 00:00:25]}
53. Ke1 {[%clk 00:10:25]} {[%emt 00:00:06]} Kxe7 {[%clk 00:26:00]} {[%emt
00:00:23]} 54. h4 {[%clk 00:10:52]} {[%emt 00:00:03]} Kf6 {[%clk 00:26:05]}
{[%emt 00:00:24]} 55. a4 {[%clk 00:11:18]} {[%emt 00:00:04]} Rh2 {[%clk
00:26:05]} {[%emt 00:00:29]} 56. a5 {[%clk 00:11:44]} {[%emt 00:00:05]} Bd2+
{[%clk 00:26:28]} {[%emt 00:00:07]} 57. Kd1 {[%clk 00:12:10]} {[%emt 00:00:04]}
Bxc3 {[%clk 00:26:53]} {[%emt 00:00:06]} 58. a6 {[%clk 00:12:37]} {[%emt
00:00:03]} Ra2 {[%clk 00:27:09]} {[%emt 00:00:13]} 59. h5 {[%clk 00:13:03]}
{[%emt 00:00:04]} Kg5 {[%emt 00:00:11]} 60. a7 Kxh5 {[%clk 00:27:29]} {[%emt
00:00:34]} 0-1

[Event "DEM U10 2021"]
[Site "Willingen GER"]
[Date "2021.08.29"]
[Round "11"]
[White "Nemitz, Alfred"]
[Black "Chua, Daniel James"]
[Result "1-0"]
[Termination "normal"]
[Board "4"]
[WhiteElo "1280"]
[BlackElo "1434"]
[WhiteClock "00:45:00"]
[BlackClock "00:51:44"]
[PlyCount "119"]
[WhiteFideId "34601791"]
[BlackFideId "34608354"]
[EventCountry "GER"]
[EventRounds "11"]
[EventType "swiss"]
[EventDate "2021.08.22"]

1. d4 {[%clk 01:15:54]} {[%emt 00:00:06]} d5 {[%clk 01:15:57]} {[%emt
00:00:05]} 2. c4 {[%clk 01:16:13]} {[%emt 00:00:10]} e6 {[%clk 01:16:19]}
{[%emt 00:00:07]} 3. Nc3 {[%clk 01:16:19]} {[%emt 00:00:23]} Nf6 {[%clk
01:16:34]} {[%emt 00:00:17]} 4. cxd5 {[%clk 01:16:37]} {[%emt 00:00:11]} exd5
{[%clk 01:16:56]} {[%emt 00:00:09]} 5. Qc2 {[%clk 01:16:37]} {[%emt 00:00:29]}
c6 {[%clk 01:16:20]} {[%emt 00:01:07]} 6. Bg5 {[%clk 01:16:54]} {[%emt
00:00:13]} Be7 {[%clk 01:15:51]} {[%emt 00:00:58]} 7. e3 {[%clk 01:16:56]}
{[%emt 00:00:27]} h6 {[%clk 01:16:02]} {[%emt 00:00:20]} 8. Bh4 {[%clk
01:13:02]} {[%emt 00:04:31]} Nbd7 {[%clk 01:15:35]} {[%emt 00:00:51]} 9. Bd3
{[%clk 01:13:05]} {[%emt 00:00:25]} Nb6 {[%clk 01:15:48]} {[%emt 00:00:18]} 10.
Nf3 {[%clk 01:11:11]} {[%emt 00:02:25]} Be6 {[%clk 01:13:44]} {[%emt 00:02:33]}
11. O-O {[%clk 01:11:10]} {[%emt 00:00:31]} O-O {[%clk 01:14:04]} {[%emt
00:00:07]} 12. Rab1 {[%clk 01:10:50]} {[%emt 00:00:53]} Nfd7 {[%clk 01:08:14]}
{[%emt 00:06:20]} 13. Bxe7 {[%clk 01:10:08]} {[%emt 00:01:14]} Qxe7 {[%clk
01:08:25]} {[%emt 00:00:17]} 14. b4 {[%clk 01:10:31]} {[%emt 00:00:09]} f5
{[%clk 01:08:00]} {[%emt 00:00:55]} 15. b5 {[%clk 01:07:53]} {[%emt 00:03:07]}
cxb5 {[%clk 01:07:25]} {[%emt 00:01:15]} 16. Rxb5 {[%clk 01:07:02]} {[%emt
00:01:13]} Rac8 {[%clk 01:03:39]} {[%emt 00:04:05]} 17. Qb3 {[%clk 00:59:58]}
{[%emt 00:07:43]} Nf6 {[%clk 01:03:11]} {[%emt 00:00:58]} 18. Na4 {[%clk
00:53:37]} {[%emt 00:06:51]} Nfd7 {[%clk 01:02:16]} {[%emt 00:01:25]} 19. Nxb6
{[%clk 00:48:32]} {[%emt 00:05:35]} Nxb6 {[%clk 01:00:56]} {[%emt 00:01:51]}
20. a4 {[%clk 00:48:46]} {[%emt 00:00:16]} Rc7 {[%clk 01:01:10]} {[%emt
00:00:16]} 21. Ne5 {[%clk 00:47:13]} {[%emt 00:02:02]} Nc8 {[%clk 00:58:58]}
{[%emt 00:02:42]} 22. Ng6 {[%clk 00:47:13]} {[%emt 00:00:30]} Qd7 {[%clk
00:55:20]} {[%emt 00:04:04]} 23. Nxf8 {[%clk 00:47:34]} {[%emt 00:00:11]} Kxf8
{[%clk 00:55:49]} {[%emt 00:00:04]} 24. Qb4+ {[%clk 00:45:33]} {[%emt
00:02:30]} Kg8 {[%clk 00:55:29]} {[%emt 00:00:43]} 25. Rc5 {[%clk 00:44:17]}
{[%emt 00:01:52]} Rxc5 {[%clk 00:55:25]} {[%emt 00:00:35]} 26. Qxc5 {[%clk
00:44:02]} {[%emt 00:00:44]} Qxa4 {[%clk 00:55:37]} {[%emt 00:00:19]} 27. Bxf5
{[%clk 00:44:17]} {[%emt 00:00:14]} Qd7 {[%clk 00:55:15]} {[%emt 00:00:51]} 28.
Bxe6+ {[%clk 00:44:38]} {[%emt 00:00:12]} Qxe6 {[%clk 00:55:38]} {[%emt
00:00:04]} 29. Rc1 {[%clk 00:44:59]} {[%emt 00:00:11]} Nb6 {[%clk 00:55:47]}
{[%emt 00:00:19]} 30. Qc7 {[%clk 00:45:17]} {[%emt 00:00:13]} Nc4 {[%clk
00:55:10]} {[%emt 00:01:07]} 31. Qxb7 {[%clk 00:45:36]} {[%emt 00:00:12]} Kh7
{[%clk 00:54:30]} {[%emt 00:01:05]} 32. Re1 {[%clk 00:44:24]} {[%emt 00:01:47]}
Nd2 {[%clk 00:53:15]} {[%emt 00:01:43]} 33. Qb2 {[%clk 00:43:47]} {[%emt
00:01:08]} Ne4 {[%clk 00:51:51]} {[%emt 00:01:55]} 34. Qc2 {[%clk 00:43:55]}
{[%emt 00:00:21]} Kh8 {[%clk 00:51:30]} {[%emt 00:00:40]} 35. f3 {[%clk
00:43:52]} {[%emt 00:00:46]} Ng5 {[%clk 00:49:29]} {[%emt 00:02:31]} 36. h4
{[%clk 00:41:32]} {[%emt 00:02:48]} Nf7 {[%clk 00:49:06]} {[%emt 00:00:55]} 37.
e4 {[%clk 00:40:35]} {[%emt 00:01:24]} a5 {[%clk 00:48:55]} {[%emt 00:00:44]}
38. Qc3 {[%clk 00:40:37]} {[%emt 00:00:26]} a4 {[%clk 00:49:04]} {[%emt
00:00:22]} 39. exd5 {[%clk 00:39:56]} {[%emt 00:01:12]} Qxd5 {[%clk 00:49:14]}
{[%emt 00:00:19]} 40. Re8+ {[%clk 00:40:08]} {[%emt 00:00:17]} Kh7 {[%clk
00:49:32]} {[%emt 00:00:12]} 41. Qc2+ {[%clk 00:40:11]} {[%emt 00:00:29]} g6
{[%clk 00:49:49]} {[%emt 00:00:13]} 42. Qxa4 {[%clk 00:40:21]} {[%emt
00:00:19]} Qd6 {[%clk 00:49:32]} {[%emt 00:00:48]} 43. Qc4 {[%clk 00:39:55]}
{[%emt 00:00:55]} Kg7 {[%clk 00:49:18]} {[%emt 00:00:43]} 44. Qc5 {[%clk
00:39:44]} {[%emt 00:00:40]} Kf6 {[%clk 00:45:40]} {[%emt 00:04:09]} 45. Qxd6+
{[%clk 00:39:56]} {[%emt 00:00:20]} Nxd6 {[%clk 00:46:03]} {[%emt 00:00:06]}
46. Re4 {[%clk 00:39:38]} {[%emt 00:00:49]} Kf5 {[%clk 00:46:28]} {[%emt
00:00:04]} 47. g4+ {[%clk 00:39:57]} {[%emt 00:00:11]} Kf6 {[%clk 00:46:51]}
{[%emt 00:00:07]} 48. d5 {[%clk 00:40:18]} {[%emt 00:00:08]} h5 {[%clk
00:47:17]} {[%emt 00:00:04]} 49. Re6+ {[%clk 00:40:41]} {[%emt 00:00:08]} Kg7
{[%clk 00:47:41]} {[%emt 00:00:05]} 50. Rxd6 {[%clk 00:41:05]} {[%emt
00:00:07]} hxg4 {[%clk 00:48:10]} {[%emt 00:00:01]} 51. fxg4 {[%clk 00:41:25]}
{[%emt 00:00:10]} g5 {[%clk 00:48:33]} {[%emt 00:00:07]} 52. h5 {[%clk
00:41:51]} {[%emt 00:00:05]} Kf7 {[%clk 00:48:58]} {[%emt 00:00:04]} 53. Rg6
{[%clk 00:42:16]} {[%emt 00:00:06]} Kf8 {[%clk 00:49:23]} {[%emt 00:00:05]} 54.
h6 {[%clk 00:42:41]} {[%emt 00:00:04]} Kf7 {[%clk 00:49:48]} {[%emt 00:00:06]}
55. h7 {[%clk 00:43:04]} {[%emt 00:00:07]} Kxg6 {[%clk 00:50:11]} {[%emt
00:00:06]} 56. h8=Q {[%clk 00:43:25]} {[%emt 00:00:07]} Kf7 {[%clk 00:50:29]}
{[%emt 00:00:12]} 57. Qe5 {[%clk 00:43:49]} {[%emt 00:00:08]} Kf8 {[%clk
00:50:55]} {[%emt 00:00:05]} 58. d6 {[%emt 00:00:07]} Kg8 {[%clk 00:51:18]} 59.
Qe7 {[%clk 00:44:38]} {[%emt 00:00:08]} Kh8 {[%clk 00:51:44]} {[%emt 00:00:03]}
60. d7 {[%clk 00:45:00]} {[%emt 00:00:08]} 1-0